[Event "3rd Al Ain Chess Classic"]
[Site "Al-Ain UAE"]
[Date "2014.12.26"]
[Round "9.42"]
[White "Ali, M Alkindi"]
[Black "Mohannad, Farhan"]
[Result "0-1"]
[BlackTitle "FM"]
[WhiteElo "1443"]
[BlackElo "2281"]
[WhiteFideId "9312293"]
[BlackFideId "8100918"]
[EventDate "2014.12.19"]

1. c4 Nf6 2. Nc3 g6 3. g3 Bg7 4. Bg2 O-O 5. Nf3 d6 6. d4 Nbd7 7. e4 e5 8. Be3
exd4 9. Nxd4 Ne5 10. b3 Nfg4 11. Qd2 Nxe3 12. Qxe3 Ng4 13. Qd2 Qf6 14. Rd1 c5
15. Ndb5 a6 16. Nd5 Qxf2+ 17. Qxf2 Nxf2 18. Kxf2 axb5 19. Rd2 Bd4+ 20. Kf3 bxc4
21. Nc7 Ra5 22. bxc4 Ra3+ 23. Ke2 Bg4+ 24. Kf1 Rc3 25. Rxd4 cxd4 26. Nb5 Rc1+
27. Kf2 Rc2+ 28. Kg1 d3 0-1

[Event "3rd Al Ain Chess Classic"]
[Site "Al-Ain UAE"]
[Date "2014.12.26"]
[Round "9.43"]
[White "Puranik, Abhimanyu"]
[Black "Mammadova, Narmin"]
[Result "1-0"]
[WhiteTitle "CM"]
[BlackTitle "WCM"]
[WhiteElo "2255"]
[BlackElo "2092"]
[WhiteFideId "5061245"]
[BlackFideId "13403710"]
[EventDate "2014.12.19"]

1. e4 e6 2. d4 d5 3. e5 c5 4. c3 Nc6 5. Nf3 Qb6 6. a3 Bd7 7. b4 cxd4 8. cxd4 Rc8
9. Be3 Nge7 10. Bd3 Nf5 11. O-O Be7 12. Qd2 Nxe3 13. fxe3 O-O 14. Nc3 f6 15.
exf6 Bxf6 16. Na4 Qd8 17. Nc5 b6 18. Nxd7 Qxd7 19. g4 g6 20. g5 Bg7 21. Rac1 Ne7
22. Rxc8 Qxc8 23. Rc1 Qb8 24. Qg2 e5 25. dxe5 Bxe5 26. Qh3 Qd6 27. e4 Kh8 28.
Qg2 Bg7 29. Rf1 dxe4 30. Bxe4 Qf4 31. Qe2 Nc8 32. Bb1 Nd6 33. Bd3 Re8 34. Qd2
Re3 35. Kh1 Ne4 36. Qc1 Nc3 37. Qd2 b5 38. Bf5 Qxf5 39. Qxe3 Qf8 40. Qd3 a6 41.
Rc1 Qc8 42. Re1 Qa8 43. Re7 Qf8 44. Rd7 1-0

[Event "3rd Al Ain Chess Classic"]
[Site "Al-Ain UAE"]
[Date "2014.12.26"]
[Round "9.44"]
[White "Tagelsir, Abubaker"]
[Black "Mirzoeva, Elmira"]
[Result "1/2-1/2"]
[WhiteTitle "FM"]
[BlackTitle "WGM"]
[WhiteElo "2029"]
[BlackElo "2246"]
[WhiteFideId "12200875"]
[BlackFideId "4127951"]
[EventDate "2014.12.19"]

1. Nf3 d5 2. g3 Bg4 3. Bg2 c6 4. O-O Nd7 5. c4 e6 6. cxd5 exd5 7. d3 Ngf6 8. h3
Bh5 9. Nc3 Be7 10. e4 dxe4 11. dxe4 Nc5 12. Qe2 Qd3 13. Qxd3 Nxd3 14. Ne1 Nxc1
15. Rxc1 Nd7 16. Nd3 f6 17. Rfe1 Ne5 18. Nxe5 fxe5 19. Bf1 O-O 20. Be2 Bg6 21.
Bc4+ Kh8 22. Kg2 Rad8 23. Rcd1 Rd4 24. Bb3 Bc5 25. f3 Rfd8 26. h4 b5 27. Ne2 Rd2
28. Kf1 R2d3 29. Kg2 Bb6 30. Rxd3 Rxd3 31. Rd1 Re3 32. Rd2 a5 33. Bd1 Bf7 34.
Rd7 Bc4 35. Rb7 Bd8 36. Nc1 Re1 37. Rd7 Bb6 38. b3 Bf1+ 39. Kh2 h6 40. h5 Be3
41. f4 Kg8 42. Rd8+ Kf7 43. Nd3 Bxd3 44. Rxd3 exf4 45. gxf4 Bxf4+ 46. Kg2 Be5
47. Rd2 g5 48. hxg6+ Kxg6 49. Bf3 Rc1 50. Rf2 Kg5 51. Be2 Bf4 52. Bd3 Rd1 53.
Bc2 Re1 54. Bd3 h5 55. Rf1 Re3 56. Rf3 h4 57. Rxe3 Bxe3 58. Kf3 Bd4 59. Bf1 Kf6
60. Bh3 Ke5 61. Bd7 Kd6 62. Be8 Be5 63. Bf7 h3 64. Be8 h2 65. Kg2 a4 66. b4 Kc7
67. Bg6 Kd7 68. Bh5 Bd6 69. Bg6 Kc7 70. Be8 Kb6 71. Bd7 Bxb4 72. Kxh2 Bd6+ 73.
Kg2 Kc5 74. Kf3 b4 75. Ke3 b3 76. axb3 a3 77. b4+ Kxb4 78. Be6 Kc3 79. Bf7 c5
80. Ba2 Kb2 1/2-1/2

[Event "3rd Al Ain Chess Classic"]
[Site "Al-Ain UAE"]
[Date "2014.12.26"]
[Round "9.45"]
[White "Das, Sayantan"]
[Black "Mokal, Amruta Sunil"]
[Result "1-0"]
[WhiteTitle "IM"]
[WhiteElo "2444"]
[BlackElo "2054"]
[WhiteFideId "5034426"]
[BlackFideId "5016371"]
[EventDate "2014.12.19"]

1. e4 c5 2. Nf3 e6 3. d4 cxd4 4. Nxd4 a6 5. c4 Nf6 6. Nc3 Qc7 7. a3 b6 8. Be3
Bb7 9. f3 d6 10. Be2 Nbd7 11. Rc1 Be7 12. O-O O-O 13. b4 Rac8 14. Na4 Qb8 15.
Kh1 Rfe8 16. Nb3 d5 17. exd5 exd5 18. c5 Bd6 19. Bg1 Bf4 20. Rc2 b5 21. Nc3 Ne5
22. Nd4 Nc4 23. a4 bxa4 24. Nxa4 Qe5 25. Bxc4 dxc4 26. Re2 Qc7 27. Nb6 Rcd8 28.
Rxe8+ Nxe8 29. Nxc4 Rd5 30. Qe2 Nf6 31. Re1 h5 32. Qc2 h4 33. h3 g6 34. Ne2 Nh5
35. Bf2 Bg5 36. Rd1 Nf4 37. Nxf4 Qxf4 38. Re1 Bc8 39. Re8+ Kh7 40. Rxc8 Bd8 41.
Rxd8 Rxd8 42. Nd6 Qxb4 43. Qa2 Rd7 44. Qxa6 Qf4 45. Qa1 Re7 46. Qb2 Re6 47. Ne4
Ra6 48. Bd4 Ra4 49. Bh8 f6 50. Bxf6 1-0

[Event "3rd Al Ain Chess Classic"]
[Site "Al-Ain UAE"]
[Date "2014.12.26"]
[Round "9.46"]
[White "Hojjatova, Aydan"]
[Black "Suhail, Sokari"]
[Result "0-1"]
[WhiteTitle "WCM"]
[WhiteElo "2217"]
[BlackElo "1912"]
[WhiteFideId "13401491"]
[BlackFideId "7604530"]
[EventDate "2014.12.19"]

1. e4 e6 2. d4 d5 3. Nd2 c5 4. Ngf3 Nc6 5. dxc5 Bxc5 6. exd5 exd5 7. Nb3 Bb6 8.
Bb5 Qe7+ 9. Be2 Nf6 10. O-O h6 11. c3 O-O 12. Nbd4 Bxd4 13. Nxd4 Nxd4 14. cxd4
Re8 15. Bd3 Qb4 16. a3 Qb6 17. Bc2 Bd7 18. a4 Rac8 19. b3 Bg4 20. f3 Rxc2 21.
Qxc2 Qxd4+ 22. Qf2 Qxa1 23. fxg4 Qe5 24. Bf4 Nxg4 25. Qxa7 Qe4 26. Qc5 g5 27.
Bd2 Qe5 28. g3 Qe2 0-1

[Event "3rd Al Ain Chess Classic"]
[Site "Al-Ain UAE"]
[Date "2014.12.26"]
[Round "9.47"]
[White "Rafee, Mohd Hayel"]
[Black "Berezina, Irina"]
[Result "1/2-1/2"]
[BlackTitle "IM"]
[WhiteElo "1931"]
[BlackElo "2200"]
[WhiteFideId "7603126"]
[BlackFideId "3201937"]
[EventDate "2014.12.19"]

1. e4 g6 2. d4 d6 3. Nc3 Bg7 4. Be3 c6 5. Qd2 Nd7 6. f4 Qc7 7. Nf3 b5 8. Be2 b4
9. Nd1 a5 10. O-O Ngf6 11. Nf2 O-O 12. c4 bxc3 13. bxc3 Nb6 14. Rfb1 Ng4 15.
Nxg4 Bxg4 16. h3 Bxf3 17. gxf3 d5 18. Rb3 Nc4 19. Bxc4 dxc4 20. Rb2 Qd7 21. Kg2
f5 22. Rab1 fxe4 23. fxe4 Qe6 24. Qc2 Bh6 25. f5 gxf5 26. Bxh6 Qxh6 27. exf5 Kh8
28. Qe4 Qg5+ 29. Kh1 Qxf5 30. Qxf5 Rxf5 31. Re2 Ra7 32. Rg1 Rf8 33. Rg3 Rb7 34.
Rge3 Rf7 35. Kh2 a4 36. Re6 Rc7 37. Kg3 a3 38. R2e5 Kg7 39. Ra5 Rb7 40. Rxc6 Rf1
41. Rxa3 Rb2 42. Rxc4 Rff2 43. Ra7 Kf7 44. d5 Rxa2 45. Rxa2 Rxa2 46. Rc6 Rd2 47.
c4 Rd4 48. h4 h5 49. Rc8 Kf6 50. Rf8+ Ke5 1/2-1/2

[Event "3rd Al Ain Chess Classic"]
[Site "Al-Ain UAE"]
[Date "2014.12.26"]
[Round "9.48"]
[White "Ahmed, Fareed"]
[Black "Derakhshani, Dorsa"]
[Result "0-1"]
[BlackTitle "WFM"]
[WhiteElo "1911"]
[BlackElo "2188"]
[WhiteFideId "9303677"]
[BlackFideId "12500330"]
[EventDate "2014.12.19"]

1. e4 e5 2. Nf3 Nc6 3. Bb5 g6 4. O-O Bg7 5. Nc3 a6 6. Ba4 Nge7 7. Nd5 O-O 8. d3
d6 9. Re1 h6 10. Nxe7+ Qxe7 11. Bxc6 bxc6 12. d4 exd4 13. Nxd4 c5 14. Nc6 Qe8
15. Na5 Qa4 16. Qd2 c4 17. b3 Qb5 18. a4 Qh5 19. Rb1 c3 20. Qd5 Be5 21. f4 Be6
22. Qd3 Bg7 23. Nc4 d5 24. Ne5 dxe4 25. Qxc3 Rfd8 26. Be3 Rd5 27. Qc6 Rad8 28.
c4 Rd1 29. Qxe4 Bf5 30. g4 Bxe4 31. Rbxd1 Rxd1 32. Rxd1 Qh3 0-1